[Event "HUN-chT U18"]
[Site "Budapest"]
[Date "2019.10.26"]
[Round "1.2"]
[White "Tancsa, Tamas"]
[Black "Kratzmajer, Akos Gyorgy"]
[Result "1-0"]
[WhiteElo "2082"]
[BlackElo "2004"]
[PlyCount "45"]
[EventDate "2019.10.26"]
[EventType "team-swiss"]
[EventRounds "7"]
[EventCountry "HUN"]
[SourceTitle "CBM 192 Extra"]
[Source "Chessbase"]
[SourceDate "2019.11.06"]
[SourceVersion "1"]
[SourceVersionDate "2019.11.06"]
[SourceQuality "1"]
[WhiteTeam "Paks Atomeromu"]
[BlackTeam "Dunaujvaros Bastya"]
[WhiteTeamCountry "HUN"]
[BlackTeamCountry "HUN"]

1. e4 e5 2. Nf3 Nc6 3. Bb5 a6 4. Ba4 Nf6 5. 0-0 b5 6. Bb3 d6 7. c3 Be7 8. h3 0-0 9. d4 Bb7 10. Nbd2 Re8 11. Re1 h6 12. Nf1 Bf8 13. Ng3 g6 14. a4 Bg7 15. Nh4 exd4 16. Nxg6 dxc3 17. Nf5 Nxe4 18. Qg4 Ng5 19. Rxe8+ Qxe8 20. Bxg5 cxb2 21. Rb1 Nd4 22. Nge7+ Kh8 23. Nxg7 1-0

[Event "HUN-ch U16"]
[Site "Balatonlelle"]
[Date "2019.06.28"]
[Round "9"]
[White "Kratzmajer, Akos Gyorgy"]
[Black "Kovacsy, Barnabas"]
[Result "1/2-1/2"]
[WhiteElo "2048"]
[BlackElo "2136"]
[PlyCount "35"]
[EventDate "2019.06.21"]
[EventType "swiss"]
[EventRounds "9"]
[EventCountry "HUN"]
[SourceTitle "CBM 191 Extra"]
[Source "ChessBase"]
[SourceDate "2019.09.30"]
[SourceVersion "1"]
[SourceVersionDate "2019.09.30"]
[SourceQuality "1"]

1. e4 c5 2. Nf3 e6 3. c4 Nc6 4. Nc3 Nf6 5. Be2 Qb6 6. 0-0 Be7 7. d3 d6 8. Rb1 0-0 9. h3 Bd7 10. Be3 a5 11. d4 cxd4 12. Nxd4 Nxd4 13. Bxd4 Qc6 14. c5 e5 15. cxd6 Bxd6 16. Be3 Be6 17. Rc1 Qd7 18. f3 1/2-1/2

[Event "HUN-ch U16"]
[Site "Balatonlelle"]
[Date "2019.06.24"]
[Round "5"]
[White "Kratzmajer, Akos Gyorgy"]
[Black "Forgacs, Andras"]
[Result "1-0"]
[WhiteElo "2048"]
[BlackElo "1873"]
[PlyCount "59"]
[EventDate "2019.06.21"]
[EventType "swiss"]
[EventRounds "9"]
[EventCountry "HUN"]
[SourceTitle "CBM 191 Extra"]
[Source "ChessBase"]
[SourceDate "2019.09.30"]
[SourceVersion "1"]
[SourceVersionDate "2019.09.30"]
[SourceQuality "1"]

1. e4 c6 2. d4 d5 3. Nc3 dxe4 4. Nxe4 Bf5 5. Ng3 Bg6 6. Nh3 e6 7. Nf4 Bd6 8. Nfh5 Bxg3 9. hxg3 Bxh5 10. Rxh5 Nf6 11. Rh4 Qa5+ 12. c3 Nd5 13. Bd2 Qb6 14. Qc2 Nf6 15. Bd3 g6 16. Bg5 Nbd7 17. Qd2 Qa5 18. 0-0-0 Qxa2 19. Qf4 Nd5 20. Qd6 Qa1+ 21. Bb1 f6 22. Qxe6+ Kd8 23. Bd2 N7b6 24. Rxh7 Rxh7 25. Qg8+ Kd7 26. Qxh7+ Kd6 27. Bf4+ Nxf4 28. gxf4 Nc4 29. Qxb7 a5 30. d5 1-0

[Event "HUN-ch U16"]
[Site "Balatonlelle"]
[Date "2019.06.23"]
[Round "3"]
[White "Kratzmajer, Akos Gyorgy"]
[Black "Blahota, Marcell"]
[Result "1/2-1/2"]
[WhiteElo "2048"]
[BlackElo "1793"]
[PlyCount "129"]
[EventDate "2019.06.21"]
[EventType "swiss"]
[EventRounds "9"]
[EventCountry "HUN"]
[SourceTitle "CBM 191 Extra"]
[Source "ChessBase"]
[SourceDate "2019.09.30"]
[SourceVersion "1"]
[SourceVersionDate "2019.09.30"]
[SourceQuality "1"]

1. e4 c6 2. d4 d5 3. Nc3 dxe4 4. Nxe4 Bf5 5. Ng3 Bg6 6. Nh3 h6 7. Nf4 Bh7 8. Bc4 Nf6 9. 0-0 e6 10. Re1 Nd5 11. Bxd5 cxd5 12. Qh5 Kd7 13. Qxf7+ Qe7 14. Qxe7+ Bxe7 15. c3 Bd6 16. Ngh5 Bxf4 17. Bxf4 Nc6 18. Nxg7 Be4 19. Bg3 h5 20. Nxe6 Kxe6 21. f3 h4 22. Bf2 Kf5 23. fxe4+ dxe4 24. Rf1 Kg4 25. h3+ Kh5 26. Rae1 Rae8 27. d5 Na5 28. Bd4 Rhg8 29. Rf5+ Rg5 30. Rxg5+ Kxg5 31. Bxa7 Nc4 32. b3 Nd6 33. Be3+ Kg6 34. c4 Nf5 35. c5 Re5 36. d6 Nxe3 37. Rxe3 Kf5 38. b4 Rd5 39. Kf2 Kf4 40. Ke2 Rg5 41. Kf2 Rd5 42. a4 Rd2+ 43. Re2 e3+ 44. Ke1 Rd4 45. b5 Rc4 46. Rb2 Rxc5 47. Rb4+ Ke5 48. Rxh4 Kxd6 49. Ke2 Rc2+ 50. Kxe3 Rxg2 51. Rg4 Rh2 52. h4 Ke5 53. Kf3 Ra2 54. Rb4 Kf5 55. Ke3 Ke5 56. Kd3 Ra3+ 57. Kc2 b6 58. Rg4 Kf5 59. Rc4 Ke5 60. Kb2 Rh3 61. a5 Kd5 62. a6 Kxc4 63. a7 Rh2+ 64. Kb1 Rh1+ 65. Kb2 1/2-1/2

[Event "HUN-chT2 Asztalos 1617"]
[Site "Hungary"]
[Date "2017.04.09"]
[Round "11.12"]
[White "Kratzmajer, Akos Gyorgy"]
[Black "Tombor, Mate"]
[Result "1-0"]
[WhiteElo "1678"]
[BlackElo "1427"]
[PlyCount "111"]
[EventDate "2016.09.25"]
[EventType "team-tourn"]
[EventRounds "11"]
[EventCountry "HUN"]
[SourceTitle "EXT 2021"]
[Source "ChessBase"]
[SourceDate "2020.10.23"]
[SourceVersion "1"]
[SourceVersionDate "2020.10.23"]
[SourceQuality "1"]
[WhiteTeam "Sarosd"]
[BlackTeam "Marcali"]
[WhiteTeamCountry "HUN"]
[BlackTeamCountry "HUN"]

1. e4 d6 2. d4 Nf6 3. Nc3 g6 4. f4 Bg7 5. Nf3 Bg4 6. Be2 c6 7. 0-0 Nbd7 8. Be3 Bxf3 9. Bxf3 e5 10. dxe5 dxe5 11. f5 0-0 12. Kh1 h6 13. Qd2 Kh7 14. g4 Nb6 15. Qe2 Ng8 16. b3 Bf6 17. Bc5 Be7 18. Bxe7 Qxe7 19. Qe3 g5 20. Rf2 f6 21. h4 Rad8 22. hxg5 fxg5 23. Be2 Qf6 24. Bd3 Qd6 25. Rd1 Qe7 26. Rfd2 Nf6 27. Be2 Rxd2 28. Qxd2 Qd7 29. Qxd7+ Nbxd7 30. Kg2 Kg7 31. Kf3 b5 32. Rd6 Rc8 33. a4 a6 34. axb5 cxb5 35. Nd5 Rxc2 36. Bd3 Rb2 37. b4 Rb3 38. Ke2 Rb2+ 39. Ke1 Rg2 40. Be2 Rg1+ 41. Kf2 Rb1 42. Bf3 Rb2+ 43. Kg3 Rb3 44. Kf2 Rb2+ 45. Ke1 Ra2 46. Re6 a5 47. Nxf6 Nxf6 48. Rxe5 axb4 49. Rxb5 Ra3 50. Kf2 b3 51. e5 Ne8 52. Rb7+ Kf8 53. Bd5 h5 54. Rf7+ Kg8 55. Ra7+ Kf8 56. Rxa3 1-0

[Event "HUN-chT2 Asztalos 1617"]
[Site "Hungary"]
[Date "2016.11.27"]
[Round "5.11"]
[White "Kondakor, Mark"]
[Black "Kratzmajer, Akos Gyorgy"]
[Result "0-1"]
[WhiteElo "1667"]
[BlackElo "1678"]
[PlyCount "64"]
[EventDate "2016.09.25"]
[EventType "team-tourn"]
[EventRounds "11"]
[EventCountry "HUN"]
[SourceTitle "EXT 2021"]
[Source "ChessBase"]
[SourceDate "2020.10.23"]
[SourceVersion "1"]
[SourceVersionDate "2020.10.23"]
[SourceQuality "1"]
[WhiteTeam "Nagyatad"]
[BlackTeam "Sarosd"]
[WhiteTeamCountry "HUN"]
[BlackTeamCountry "HUN"]

1. e4 e5 2. Nf3 Nc6 3. Bb5 Nf6 4. 0-0 d6 5. d3 Bg4 6. c3 Be7 7. h3 Bh5 8. Re1 0-0 9. Nbd2 Nd7 10. Nf1 Bg6 11. d4 f5 12. exf5 Bxf5 13. Bc4+ Kh8 14. Ng3 Bg6 15. Bd3 Qe8 16. Qc2 Bxd3 17. Qxd3 Qf7 18. Be3 Rad8 19. d5 Nc5 20. Qd1 e4 21. Nxe4 Nxe4 22. dxc6 bxc6 23. Bxa7 d5 24. Be3 c5 25. Qc2 Qg6 26. Nd2 d4 27. Qxe4 dxe3 28. Rf1 Rxf2 29. Qxg6 hxg6 30. Nc4 Bh4 31. Rxf2 exf2+ 32. Kf1 Re8 0-1

[Event "HUN-chT2 Asztalos 1617"]
[Site "Hungary"]
[Date "2016.11.14"]
[Round "4.12"]
[White "Katona, Eniko"]
[Black "Kratzmajer, Akos Gyorgy"]
[Result "0-1"]
[WhiteElo "1378"]
[BlackElo "1678"]
[PlyCount "48"]
[EventDate "2016.09.25"]
[EventType "team-tourn"]
[EventRounds "11"]
[EventCountry "HUN"]
[SourceTitle "EXT 2021"]
[Source "ChessBase"]
[SourceDate "2020.10.23"]
[SourceVersion "1"]
[SourceVersionDate "2020.10.23"]
[SourceQuality "1"]
[WhiteTeam "Kiraly Sakk"]
[BlackTeam "Sarosd"]
[WhiteTeamCountry "HUN"]
[BlackTeamCountry "HUN"]

1. e4 e5 2. Nf3 Nc6 3. Nc3 Nf6 4. Bc4 Bc5 5. d3 d6 6. h3 Be6 7. Bxe6 fxe6 8. 0-0 Qe7 9. Bg5 h6 10. Bh4 g5 11. Bg3 0-0-0 12. Na4 Bb6 13. Nxb6+ axb6 14. c3 Rdg8 15. Nd2 h5 16. h4 Ng4 17. Nf3 gxh4 18. Bxh4 Qg7 19. Ng5 Qh6 20. Nf7 Qf4 21. Nxd6+ cxd6 22. g3 Nxf2 23. Rxf2 Qxh4 24. Kf1 Qxg3 0-1

[Event "HUN-chT U18"]
[Site "Hajduboszormeny"]
[Date "2016.11.02"]
[Round "1.33"]
[White "Kratzmajer, Akos Gyorgy"]
[Black "Arvai, Eszter"]
[Result "0-1"]
[WhiteElo "1678"]
[BlackElo "2035"]
[PlyCount "130"]
[EventDate "2016.11.02"]
[EventType "team-swiss"]
[EventRounds "8"]
[EventCountry "HUN"]
[SourceTitle "CBM 175 Extra"]
[Source "ChessBase"]
[SourceDate "2016.12.12"]
[SourceVersion "1"]
[SourceVersionDate "2016.12.12"]
[SourceQuality "1"]

1. e4 e5 2. Nf3 Nc6 3. d4 exd4 4. Nxd4 Nf6 5. Nc3 Bb4 6. Nxc6 bxc6 7. Bd3 d5 8. exd5 cxd5 9. 0-0 0-0 10. Bg5 c6 11. Ne2 Qd6 12. c4 Bg4 13. cxd5 Nxd5 14. f3 Be6 15. Rc1 h6 16. Bd2 Bc5+ 17. Kh1 Rad8 18. Be4 Qe7 19. Qc2 Be3 20. Bxd5 Bxd2 21. Qxd2 Rxd5 22. Qc3 Bd7 23. Rfe1 Qd6 24. Ng3 Rd3 25. Ne4 Qd5 26. Qc4 Be6 27. Qxd5 Bxd5 28. Rc3 Bxe4 29. fxe4 Rxc3 30. bxc3 Rd8 31. Rb1 Rd2 32. Kg1 Rxa2 33. Rb8+ Kh7 34. Rc8 Ra6 35. Kf2 Kg6 36. Ke3 f6 37. Rc7 Ra2 38. Kf3 a5 39. Rxc6 Kf7 40. Ra6 a4 41. g4 Rxh2 42. Rxa4 Rh3+ 43. Kf2 Rxc3 44. Ra5 Ke6 45. Ra7 g6 46. Rh7 Rh3 47. Kg2 Rh4 48. Kg3 g5 49. Kf3 Kd6 50. Rf7 Ke6 51. Rh7 Rh1 52. Kg2 Re1 53. Kf3 Rf1+ 54. Kg3 Rf4 55. Rxh6 Rxe4 56. Rh8 Re3+ 57. Kf2 Ra3 58. Rb8 Rd3 59. Re8+ Kd5 60. Ra8 Ke5 61. Ra5+ Rd5 62. Ra4 Rd4 63. Ra5+ Kf4 64. Rf5+ Kxg4 65. Rxf6 Rf4+ 0-1

[Event "HUN-ch U12"]
[Site "Balatonlelle"]
[Date "2016.06.29"]
[Round "8"]
[White "Losonczi, Marcell"]
[Black "Kratzmajer, Akos Gyorgy"]
[Result "1/2-1/2"]
[WhiteElo "1924"]
[BlackElo "1666"]
[PlyCount "63"]
[EventDate "2016.06.24"]
[EventType "swiss"]
[EventRounds "9"]
[EventCountry "HUN"]
[SourceTitle "CBM 173 Extra"]
[Source "ChessBase"]
[SourceDate "2016.08.29"]
[SourceVersion "1"]
[SourceVersionDate "2016.08.29"]
[SourceQuality "1"]

1. e4 e5 2. Nf3 Nc6 3. Bc4 Bc5 4. b4 Bxb4 5. c3 Ba5 6. d4 exd4 7. Qb3 Qe7 8. 0-0 dxc3 9. Nxc3 Bxc3 10. Qxc3 f6 11. Rb1 Ne5 12. Nxe5 fxe5 13. Bxg8 Rxg8 14. Ba3 d6 15. Rfc1 Rf8 16. Qa5 b6 17. Qd5 Rb8 18. Qc6+ Kd8 19. Rc2 Bb7 20. Qa4 Ra8 21. Rbc1 c5 22. Rd2 Kc7 23. Rcd1 Rf6 24. Bb2 Rd8 25. Bc3 Re6 26. Rb1 Kb8 27. f3 Qd7 28. Qb3 Re7 29. a4 Bc6 30. Ra2 Ka8 31. Be1 g5 32. Rd2 1/2-1/2

[Event "HUN-ch U12"]
[Site "Balatonlelle"]
[Date "2015.06.23"]
[Round "8"]
[White "Kratzmajer, Akos Gyorgy"]
[Black "Forgacs, Attila Jr"]
[Result "0-1"]
[WhiteElo "1434"]
[BlackElo "1372"]
[PlyCount "118"]
[EventDate "2015.06.18"]
[EventType "swiss"]
[EventRounds "9"]
[EventCountry "HUN"]
[SourceTitle "CBM 167 Extra"]
[Source "ChessBase"]
[SourceDate "2015.09.14"]
[SourceVersion "1"]
[SourceVersionDate "2015.09.14"]
[SourceQuality "1"]

1. e4 e5 2. Nf3 Nc6 3. d4 exd4 4. Nxd4 Nf6 5. Nc3 Bb4 6. Nxc6 bxc6 7. Bd3 0-0 8. 0-0 d5 9. exd5 cxd5 10. Bg5 c6 11. Qf3 Be7 12. h3 Nd7 13. Bxe7 Qxe7 14. Rfe1 Qd6 15. Qe2 Nc5 16. Rad1 Nxd3 17. Rxd3 Ba6 18. Ne4 Bxd3 19. Qxd3 Qg6 20. Nc5 Qxd3 21. Nxd3 Rfe8 22. Kf1 Rxe1+ 23. Kxe1 f6 24. f4 Kf7 25. f5 g6 26. fxg6+ hxg6 27. h4 Rh8 28. g3 Re8+ 29. Kd2 Re4 30. Nf2 Re7 31. Nd3 Ke6 32. g4 Rh7 33. h5 gxh5 34. Nf4+ Ke5 35. Nd3+ Kd6 36. gxh5 Rxh5 37. Ke3 Rh3+ 38. Kd2 Rxd3+ 39. cxd3 d4 40. Ke2 Ke5 41. Kf3 f5 42. b4 Kf6 43. Kf4 Kg6 44. a3 Kf6 45. a4 a6 46. a5 Kg6 47. Ke5 Kg5 48. Kxd4 f4 49. Kc5 f3 50. Kxc6 f2 51. Kb6 f1Q 52. Kxa6 Qxd3+ 53. b5 Kf6 54. Kb6 Ke7 55. a6 Kd7 56. a7 Qd5 57. Ka6 Kc8 58. b6 Qb7+ 59. Kb5 Kd7 0-1

[Event "HUN-ch U12"]
[Site "Balatonlelle"]
[Date "2015.06.21"]
[Round "5"]
[White "Kratzmajer, Akos Gyorgy"]
[Black "Geher, Koppany"]
[Result "0-1"]
[WhiteElo "1434"]
[BlackElo "1615"]
[PlyCount "70"]
[EventDate "2015.06.18"]
[EventType "swiss"]
[EventRounds "9"]
[EventCountry "HUN"]
[SourceTitle "CBM 167 Extra"]
[Source "ChessBase"]
[SourceDate "2015.09.14"]
[SourceVersion "1"]
[SourceVersionDate "2015.09.14"]
[SourceQuality "1"]

1. e4 e6 2. d4 d5 3. Nc3 Nf6 4. e5 Nfd7 5. f4 c5 6. Nf3 Nc6 7. Be3 a6 8. dxc5 Bxc5 9. Bxc5 Nxc5 10. Nd4 Qb6 11. Rb1 Qb4 12. Nde2 Ne4 13. Qd3 Bd7 14. g3 Ne7 15. Qd4 Qxd4 16. Nxd4 Nxc3 17. bxc3 b5 18. Bd3 Rc8 19. Kd2 Nc6 20. Rb3 Rc7 21. Rhb1 Bc8 22. Ra3 h6 23. h4 Nb8 24. Bxb5+ Ke7 25. Bd3 Nd7 26. Bxa6 Bxa6 27. Rxa6 Nc5 28. Rc6 Ne4+ 29. Kd3 Rhc8 30. Rxc7+ Rxc7 31. Ne2 Ra7 32. Ra1 Ra3 33. Rb1 f6 34. Rb7+ Kf8 35. h5 Nc5+ 0-1

[Event "Budapest Art Pub Cup 7th"]
[Site "Budapest"]
[Date "2015.03.14"]
[Round "3"]
[White "Di Giovanni, Vilmos"]
[Black "Kratzmajer, Akos Gyorgy"]
[Result "1-0"]
[WhiteElo "1747"]
[BlackElo "1387"]
[PlyCount "55"]
[EventDate "2015.03.13"]
[EventType "swiss"]
[EventRounds "6"]
[EventCountry "HUN"]
[SourceTitle "CBM 165 Extra"]
[Source "ChessBase"]
[SourceDate "2015.04.21"]
[SourceVersion "1"]
[SourceVersionDate "2015.04.21"]
[SourceQuality "1"]

1. d4 d5 2. Nf3 e6 3. Bf4 Nf6 4. e3 c5 5. c3 cxd4 6. exd4 Nc6 7. Nbd2 Bd6 8. Bg3 Qc7 9. Bd3 0-0 10. Qe2 Re8 11. Bxd6 Qxd6 12. Ne5 Qc7 13. f4 Nd7 14. 0-0 Ncxe5 15. fxe5 Nf8 16. Qh5 Re7 17. Nf3 b6 18. Ng5 h6 19. Nh3 Bd7 20. g4 Be8 21. Qh4 Ng6 22. Qg3 Nf8 23. Rf2 a5 24. Raf1 Ra7 25. Qh4 Ng6 26. Bxg6 fxg6 27. Rf8+ Kh7 28. Ng5# 1-0

[Event "Budapest Art Pub Cup 6th"]
[Site "Budapest"]
[Date "2015.01.02"]
[Round "2"]
[White "Kratzmajer, Akos Gyorgy"]
[Black "Kokeny, Norbert Adrian"]
[Result "0-1"]
[WhiteElo "1377"]
[BlackElo "2086"]
[PlyCount "68"]
[EventDate "2015.01.02"]
[EventType "swiss"]
[EventRounds "6"]
[EventCountry "HUN"]
[SourceTitle "CBM 164 Extra"]
[Source "ChessBase"]
[SourceDate "2015.03.02"]
[SourceVersion "1"]
[SourceVersionDate "2015.03.02"]
[SourceQuality "1"]

1. e4 d6 2. d4 Nf6 3. Nc3 c6 4. Nf3 Qa5 5. Bd3 Nbd7 6. Bd2 Qc7 7. Qe2 e5 8. dxe5 dxe5 9. 0-0 Bd6 10. Be3 0-0 11. Nd2 Nc5 12. Nb3 Ne6 13. Bc4 Nf4 14. Bxf4 exf4 15. f3 b5 16. Bd3 Be5 17. Nd1 Be6 18. Kh1 Qe7 19. c3 Nh5 20. Qf2 Ng3+ 21. Kg1 Nxf1 22. Kxf1 Rfd8 23. Bc2 Bc4+ 24. Kg1 Rd6 25. Qe1 a5 26. Nf2 a4 27. Nd2 Be6 28. Nf1 Rad8 29. Rd1 Bxa2 30. Nd3 Bc4 31. Nxe5 Qxe5 32. Rxd6 Qxd6 33. Kh1 Bxf1 34. Qxf1 Qd2 0-1